书目信息 |
| 题名: |
正说清朝十二后妃
|
|
| 作者: | 李景屏 , 谷敏 著 | |
| 分册: | ||
| 出版信息: | 北京 农村读物出版社 2005 |
|
| 页数: | 285页 | |
| 开本: | 23cm | |
| 丛书名: | ||
| 单 册: | ||
| 中图分类: | K828.5=49 , K827 | |
| 科图分类: | ||
| 主题词: | 后妃--生平事迹--中国--清代 , 后妃 | |
| 电子资源: | ||
| ISBN: | 7-5048-4571-X | |
| 000 | 00843nam0 2200253 450 | |
| 001 | 1549793408 | |
| 005 | 20150123135013.28 | |
| 010 | @a7-5048-4571-X@dCNY28.00 | |
| 100 | @a20050119d2005 em y0chiy50 ea | |
| 101 | 0 | @achi |
| 102 | @aCN@b110000 | |
| 105 | @aa z 000yd | |
| 200 | 1 | @a正说清朝十二后妃@9zheng shuo qing chao shi er hou fei@e图文本@f李景屏,谷敏著 |
| 210 | @a北京@c农村读物出版社@d2005 | |
| 215 | @a285页@d23cm | |
| 330 | @a本书以清实录、清代档案、清人笔记等史料为依据,以清代十二位后妃的命运为切入点,揭示她们的遭遇及其在历史进程中所起的直接或间接的作用。 | |
| 606 | 0 | @a后妃@x生平事迹@y中国@z清代 |
| 606 | 0 | @a后妃 |
| 690 | @aK828.5=49@v5 | |
| 690 | @aK827@v4 | |
| 701 | 0 | @a李景屏@9li jing ping@f(1945.7~)@4著 |
| 701 | 0 | @a谷敏@9gu min@f(1977~)@4著 |
| 801 | 0 | @aCN@bTSSF@c20150123 |
| 905 | @aZUCC@dK827@eJY151 | |
| 正说清朝十二后妃:图文本/李景屏,谷敏著.-北京:农村读物出版社,2005 |
| 285页;23cm |
| ISBN 7-5048-4571-X:CNY28.00 |
| 本书以清实录、清代档案、清人笔记等史料为依据,以清代十二位后妃的命运为切入点,揭示她们的遭遇及其在历史进程中所起的直接或间接的作用。 |
| ● |
| 相关链接 |
|
|
|
|
正题名:正说清朝十二后妃
索取号:K827/JY151
 
预约/预借
| 序号 | 登录号 | 条形码 | 馆藏地/架位号 | 状态 | 备注 |
| 1 | 7843211 | 278432117 | 学院路分馆/ [索取号:K827/JY151] | 在馆 |